| 000 | 00442nam a2200169Ia 4500 | ||
|---|---|---|---|
| 008 | 230917s9999||||xx |||||||||||||| ||und|| | ||
| 020 | _cRS595 | ||
| 040 |
_e222037 _aMAIN |
||
| 041 | _aEnglish | ||
| 082 | _a301.44 D459P | ||
| 100 | _aDeshpande, Satish, ed. | ||
| 245 | 0 | _aProblem of caste | |
| 260 |
_aNew Delhi _bOrient Blackswan _c2014 |
||
| 300 | _ax, 422 p. | ||
| 500 | _a1797 07/01/2015 HBD6272 06/02/2015 Main Budget | ||
| 942 | _cBK | ||
| 999 |
_c13334 _d13334 |
||